logo

Bir Sreshtho Munshi Abdur Rouf Library
Jhenaidah Cadet College

How writing works : (Record no. 5831)

MARC details
000 -LEADER
fixed length control field 00728cam a2200265 a 4500
001 - CONTROL NUMBER
JCCL Control Number 5831
003 - CONTROL NUMBER IDENTIFIER
JCCL marc code BD-JhCC
005 - DATE AND TIME OF LATEST TRANSACTION
control field 20200319134018.0
008 - FIXED-LENGTH DATA ELEMENTS--GENERAL INFORMATION
fixed length control field 870213s1988 nyu 001 0 eng
020 ## - INTERNATIONAL STANDARD BOOK NUMBER
International Standard Book Number 0312894678
035 ## - SYSTEM CONTROL NUMBER
system control number (BD-JhCC)5831
040 ## - CATALOGING SOURCE
Original cataloging agency DLC
Transcribing agency DLC
Modifying agency DLC
041 ## - LANGUAGE CODE
Language code of Book eng
050 00 - LIBRARY OF CONGRESS CALL NUMBER
Classification number PE1408
Item number .H6857 1988
082 00 - DEWEY DECIMAL CLASSIFICATION NUMBER
Classification number 808.042
DDC Edition number 19
Author mark and Year HUB 1988
100 1# - MAIN ENTRY--PERSONAL NAME
Personal name Hubbard, Francis A.
245 10 - TITLE STATEMENT
Title How writing works :
Remainder of title Learning and Using the Processes /
Statement of responsibility, etc Francis A. Hubbard.
260 ## - PUBLICATION, DISTRIBUTION, ETC. (IMPRINT)
Place of publication, distribution, etc New York :
Name of publisher, distributor, etc St. Martin's Press,
Date of publication, distribution, etc 1988.
300 ## - PHYSICAL DESCRIPTION
Pagination 196 p. ;
Dimensions 23 cm.
500 ## - GENERAL NOTE
General note Includes index.
650 #0 - SUBJECT ADDED ENTRY--TOPICAL TERM
Topical term or geographic name as entry element English language
General subdivision Rhetoric.
650 #0 - SUBJECT ADDED ENTRY--TOPICAL TERM
Topical term or geographic name as entry element Report writing.
942 ## - ADDED ENTRY ELEMENTS (KOHA)
Source of classification or shelving scheme Dewey Decimal Classification
Koha item type Books
Koha issues (borrowed), all copies 2
Holdings
Source of classification or shelving scheme Damaged status Not for loan Home library Current library Shelving location Date of accession Total Checkouts Full call number Barcode Date last seen Date checked out Koha item type
Dewey Decimal Classification     JCC Rouf Library JCC Rouf Library General Stacks 12/26/2017 2 808.042 HUB 1988 8133 10/30/2024 10/27/2024 Books

JCC Library | Contacts | JCC Home

Last Update on 23 September 2017
Copyright @ 2017-2020 JCC Rouf Library
Rouf Library, Jhenidah Cadet College (JCC), Bangladesh